Matemáticas 1 : (Registro nro. 10662)

Detalles MARC
000 -LIDER
fixed length control field 00668nam a22002177a 4500
003 - IDENTIFICACDOR DE NÚMERO DE CONTROL
control field DO-SdBNP
005 - DATE AND TIME OF LATEST TRANSACTION
control field 20180403074220.0
008 - ELEMENTOS DE LONGITUD FIJA
fixed length control field 160704b 2006 dr||||| |||| 00| 0 spa d
040 ## - FUENTE DE CATALOGACIÓN
Agencia que crea de manera original el registro BPMSU
Idioma de catalogación spa
Agencia que realiza la transcripción BPMSU
245 ## - MENCIÓN DE TITULO
Título Matemáticas 1 :
Subtítulo siglo 21 primer grado, educación media
260 ## - PUBLICACIÓN, DISTRIBUCIÓN, ETC. (PIE DE IMPRENTA)
Lugar de publicación, distribución, etc Santo Domingo :
Nombre del editor, distribuidor, etc. Susaeta
Fecha de publicación, distribución, etc 2006
300 ## - DESCRIPCIÓN FÍSICA
Extensión 148 p. :
Otros detalles físicos il. :
Dimensiones 28 cm
505 ## - NOTA DE CONTENIDO
Texto normalizado de contenido Proyecto siglo 21
700 ## - ASIENTO SECUNDARIO -- NOMBRE PERSONAL
Nombre personal Carrasco Prieto, María Amor
700 ## - ASIENTO SECUNDARIO -- NOMBRE PERSONAL
Nombre personal Martín Crespo, Raquel
700 ## - ASIENTO SECUNDARIO -- NOMBRE PERSONAL
Nombre personal Ocaña Fernández, José Manuel
700 ## - ASIENTO SECUNDARIO -- NOMBRE PERSONAL
Nombre personal Sánchez Marín, Juana Maria
942 ## - ADDED ENTRY ELEMENTS (KOHA)
Source of classification or shelving scheme Dewey Decimal Classification
Koha item type Libros
945 ## - INFORMACIÓN DE PROCESAMIENTO LOCAL
Información de procesamiento local Remanejado par la BNPHU / 2018 VM
956 ## - LOCAL ELECTRONIC LOCATION AND ACCESS (OCLC)
Nombre de host dgarcia
Existencias
Withdrawn status Lost status Source of classification or shelving scheme Damaged status Not for loan Collection code Home library Current library Date acquired Source of acquisition Total Checkouts Barcode Date last seen Price effective from Koha item type
    Dewey Decimal Classification     Colección Escolar Biblioteca Pública Metropolitana Salomé Ureña Biblioteca Pública Metropolitana Salomé Ureña 07/04/2016 Donación   BPMSU16070038 07/04/2016 07/04/2016 Libros